000 00560nam a2200181Ia 4500
003 GCL
008 140319s9999 xx 000 0 ara d
040 _aGCL /
_cGCL
082 0 4 _a910.02
_bى ج
100 1 _aيوسف عبدالمجيد فايد
245 1 0 _aجغرافية السطح /
_cيوسف عبدالمجيد فايد
260 _a[S.N] :
_bدار النهضة العربية للطباعة والنشر ،
_c1972
300 _a285 ص
490 _a
650 0 4 _aالجغرافيا الطبيعية
650 0 4 _aالارض
942 _2ddc
_cBK
999 _c37173
_d37173